<?xml version="1.0" encoding="UTF-8"?>
<marc:record xmlns:marc="http://www.loc.gov/MARC21/slim">
   <marc:leader>00000nam a2200000 a 4500</marc:leader>
   <marc:datafield ind1="1" ind2=" " tag="100">
      <marc:subfield code="a">Wecker, Konstantin</marc:subfield>
      <marc:subfield code="4">aut</marc:subfield>
      <marc:subfield code="e">Verfasser/-in</marc:subfield>
   </marc:datafield>
   <marc:datafield ind1="0" ind2="0" tag="245">
      <marc:subfield code="a">Das ganze schrecklich schöne Leben</marc:subfield>
   </marc:datafield>
   <marc:datafield ind1="0" ind2="0" tag="245">
      <marc:subfield code="b">die Biographie</marc:subfield>
   </marc:datafield>
   <marc:datafield ind1=" " ind2="1" tag="264">
      <marc:subfield code="b">Gütersloher Verlagshaus</marc:subfield>
      <marc:subfield code="c">2017</marc:subfield>
   </marc:datafield>
   <marc:datafield ind1="1" ind2=" " tag="520">
      <marc:subfield code="a">Konstantin Wecker, geboren 1947, Poet, Sänger und Komponist, engagiert sich seit Jahrzehnten für Zivilcourage, Pazifismus und Antifaschismus. Er lebt in München und wurde mit zahlreichen Preisen ausgezeichnet (Erich-Fromm-Preis 2007, Bayerischer Kabarettpreis 2013, Erich-Mühsam-Preis 2016, Deutscher Kleinkunstpreis - Ehrenpreis des Landes Rheinland-Pfalz 2017, Bayerischer Staatspreis für Musik - Sonderpreis 2017). Seine Autobiographie ist so ungewöhnlich und uferlos wie sein Leben und Schaffen. Ein farbiges Puzzle, aus dem sich Stück für Stück das Charakterbild eines Ausnahmekünstlers zusammenfügt.</marc:subfield>
   </marc:datafield>
   <marc:datafield ind1=" " ind2=" " tag="020">
      <marc:subfield code="a">9783579086446</marc:subfield>
      <marc:subfield code="9">9783579086446</marc:subfield>
   </marc:datafield>
</marc:record>
